00409nam a2200157Ia 4500003000400000008004100004040001600045082001300061100001600074245004400090260004600134300001000180490002400190650001500214650002200229GCL140319s9999 xx 000 0 eng d aGCL / cGCL04a843bG N1 aGENET, JEAN10aNOTRO - DAME DES-FLEURS / cGENET, JEAN a[S.N] : bMARC BARBEZAT-LARBALB ، c1994 a376\P aCOLLECTION FOLIOv004aLITERATURE04aFRENCH LITERATURE